000 nam a22 7a 4500
999 _c9867
_d9867
008 180208b ||||| |||| 00| 0 eng d
100 _aJain, G
_95948
245 _aMobel linguiestics prize
260 _aNew Delhi
_bMaanu Publication
_c2012